Sports Quiz

Random Sports or MLB Quiz
Score 0/48 Timer 15:00
0 Plays Today
Year Answer % Correct
RBIMike Trout
98.5%
WalksMike Trout
98.5%
WalksMike Trout
98.5%
WalksMike Trout
98.5%
Stolen BasesMike Trout
98.5%
RunsMike Trout
98.5%
RunsMike Trout
98.5%
RunsMike Trout
98.5%
RunsMike Trout
98.5%
Innings PitchedNolan Ryan
95.8%
StrikeoutsNolan Ryan
95.8%
StrikeoutsNolan Ryan
95.8%
StrikeoutsNolan Ryan
95.8%
StrikeoutsNolan Ryan
95.8%
StrikeoutsNolan Ryan
95.8%
StrikeoutsNolan Ryan
95.8%
StrikeoutsNolan Ryan
95.8%
Home RunsTroy Glaus
87.3%
Saves (post 1950)Francisco Rodriguez
83.5%
Home RunsReggie Jackson
83.5%
Saves (post 1950)Francisco Rodriguez
83.5%
Saves (post 1950)Francisco Rodriguez
83.5%
RBIDon Baylor
81.6%
RunsDon Baylor
81.6%
Year Answer % Correct
WinsJered Weaver
81.2%
WinsJered Weaver
81.2%
StrikeoutsJered Weaver
81.2%
At BatsDarrin Erstad
72.1%
Innings PitchedChuck Finley
68.1%
WinsBartolo Colon
67.2%
Home RunsBobby Grich
67%
ERAFrank Tanana
66.8%
StrikeoutsFrank Tanana
66.8%
WalksChone Figgins
63.2%
Stolen BasesChone Figgins
63.2%
RunsVladimir Guerrero
59.6%
ERAJohn Lackey
55%
Batting Avg.Alex Johnson
50.3%
Innings PitchedDean Chance
50.3%
ERADean Chance
50.3%
Stolen BasesMickey Rivers
35.1%
TriplesMickey Rivers
35.1%
TriplesMickey Rivers
35.1%
Saves (post 1950)Bryan Harvey
33.2%
Saves (post 1950)Brian Fuentes
24.7%
At BatsSandy Alomar
19.7%
TriplesBobby Knoop
17.8%
Saves (post 1950)Minnie Rojas
8.9%
Remove Ads.
Support Sporcle.
Get the best of Sporcle when you Go Orange. This ad-free experience offers more features, more stats, and more fun while also helping to support Sporcle. Thank you for becoming a member.

You're not logged in!

Compare scores with friends on all Sporcle quizzes.
OR
Log In

Show Comments

Extras

Top Quizzes Today


Score Distribution

Your Account Isn't Verified!

In order to create a playlist on Sporcle, you need to verify the email address you used during registration. Go to your Sporcle Settings to finish the process.

Report this User

Report this user for behavior that violates our Community Guidelines.

Details: